| 000 | 00852cam a2200217 4500 | ||
|---|---|---|---|
| 001 | WB3731-53 | ||
| 008 | 010808n2001 000 0 eng u | ||
| 035 | _a(Sirsi) u114013 | ||
| 245 | _aSheep farming after foot and mouth | ||
| 260 | _c2001 | ||
| 490 |
_aDEFRA News Release _v(86/01) 2 August 2001, (2) |
||
| 520 | _aLord Whitty, DEFRA Food and Farming Minister calls for change in the sheep industry in the aftermath of foot and mouth. Government would help by adapting the Livestock Welfare Disposal Scheme and introducing a new regime for livestock movements in the autumn. | ||
| 590 | _aWB | ||
| 650 | _aFOOT-AND-MOUTH DISEASE | ||
| 650 | _aNATIONAL FARMERS UNION | ||
| 650 | _aLIVESTOCK WELFARE DISPOSAL SCHEME | ||
| 650 | _aLIVESTOCK INDUSTRY | ||
| 650 | _aSHEEP INDUSTRY | ||
| 690 | _aRURAL-AGRICULTURE AND FORESTRY | ||
| 942 | _n0 | ||
| 999 |
_c67950 _d67950 |
||